<?xml version="1.0" encoding="UTF-8"?><?xml-stylesheet type="text/xsl" href="static/style.xsl"?><OAI-PMH xmlns="http://www.openarchives.org/OAI/2.0/" xmlns:xsi="http://www.w3.org/2001/XMLSchema-instance" xsi:schemaLocation="http://www.openarchives.org/OAI/2.0/ http://www.openarchives.org/OAI/2.0/OAI-PMH.xsd"><responseDate>2026-06-02T23:05:45Z</responseDate><request verb="GetRecord" identifier="oai:riuma.uma.es:10630/7304" metadataPrefix="marc">https://riuma.uma.es/rest/oai/request</request><GetRecord><record><header><identifier>oai:riuma.uma.es:10630/7304</identifier><datestamp>2026-02-03T11:59:38Z</datestamp><setSpec>com_10630_2254</setSpec><setSpec>col_10630_37959</setSpec></header><metadata><record xmlns="http://www.loc.gov/MARC21/slim" xmlns:dcterms="http://purl.org/dc/terms/" xmlns:doc="http://www.lyncode.com/xoai" xmlns:xsi="http://www.w3.org/2001/XMLSchema-instance" xsi:schemaLocation="http://www.loc.gov/MARC21/slim http://www.loc.gov/standards/marcxml/schema/MARC21slim.xsd">
   <leader>00925njm 22002777a 4500</leader>
   <datafield ind2=" " ind1=" " tag="042">
      <subfield code="a">dc</subfield>
   </datafield>
   <datafield ind2=" " ind1=" " tag="720">
      <subfield code="a">Martin-Guevara, Carlos</subfield>
      <subfield code="e">author</subfield>
   </datafield>
   <datafield ind2=" " ind1=" " tag="260">
      <subfield code="c">2014-03-14</subfield>
   </datafield>
   <datafield ind2=" " ind1=" " tag="520">
      <subfield code="a">Planes de empresa, cuentas de resultados, modelos 036, 720, balances, seguridad social, hacienda, CNAE e IAE son algunos de los términos con los que uno se encuentra mientras quiere montar su sueño, su proyectito o simplemente la oportunidad de negocio que ha visto.&#xd;
Como superar el vértigo inicial y llevar a cabo una empresa en la que el primer proyecto se basa en comunicar ciencia, a través de un documental sin ánimo de lucro y financiado de forma colectiva.&#xd;
El crowdfunding o financiación colectiva es un sistema de búsqueda de fondos que se basa en el poder de la multitud. Mediante este sistema y gracias a la nuevas tecnologías de comunicación, pueden entrar en contacto el promotor de un proyecto con cientos o miles de micromecenas que aportan pequeñas cantidades para que se haga posible el proyecto. Existen diferentes tipos, con características y objetivos diferentes.&#xd;
Todas las claves para llevar el proyecto desde los bocetos iniciales hasta que se hace realidad, dificultades, aciertos, pensamiento alternativo y estrategias de guerrilla para lograr el objetivo.</subfield>
   </datafield>
   <datafield ind1="8" ind2=" " tag="024">
      <subfield code="a">http://hdl.handle.net/10630/7304</subfield>
   </datafield>
   <datafield tag="653" ind2=" " ind1=" ">
      <subfield code="a">Empresas - Finanzas</subfield>
   </datafield>
   <datafield ind2="0" ind1="0" tag="245">
      <subfield code="a">La construcción de un proyecto</subfield>
   </datafield>
</record>
</metadata></record></GetRecord></OAI-PMH>